Odborné inovácie v stavebníctve študijné texty na prípravu pedagogických pracovníkov na nové poňatie obsahu a metód vzdelávania na stredných školách : odborno-predmetová časť Zošit 2 Životné prostredie

Bibliographic Details
Main Authors: Záriš, František (Author), Záriš, Juraj (Author)
Other Authors: Šimoniová, Laura (Compiler)
Format: Book
Language:Slovak
PhysicalDescription:44 s., 8 nečíslovaných strán obrazových príloh mapy 30 cm
Published: Bratislava Slovenské pedagogické nakladateľstvo 1983
Edition:1. vyd.
Subjects:

MARC

LEADER 00000cam a2200000 a 4500
001 vtls001092202
003 SK-MaSNL
005 20260301193748.0
008 250414s1983 xo b frnp 00000 slo
015 |a SNBA1983/09 
020 |q (brož.) 
035 |a SNK000035044 
040 |a SNK  |b slo  |c SNK  |e AACR2 
041 0 |a slo 
044 |a xo  |c SK 
080 |a 504(437.6)(075.4)  |2 1981 
100 1 |a Záriš, František  |4 aut  |9 279669 
245 1 0 |a Odborné inovácie v stavebníctve  |b študijné texty na prípravu pedagogických pracovníkov na nové poňatie obsahu a metód vzdelávania na stredných školách : odborno-predmetová časť  |n Zošit 2  |p Životné prostredie  |c František Záriš, Juraj Záriš ; zostavila Laura Šimoniová 
246 3 0 |a Životné prostredie 
250 |a 1. vyd. 
260 |a Bratislava  |b Slovenské pedagogické nakladateľstvo  |c 1983 
300 |a 44 s., 8 nečíslovaných strán obrazových príloh  |b mapy  |c 30 cm 
366 |e 3200 výtl. 
504 |a Obsahuje bibliografiu 
650 0 7 |a inovácie  |2 SNKPH  |9 2291 
650 0 7 |a životné prostredie  |2 SNKPH  |9 786 
650 0 7 |a pedagógovia  |2 SNKPH  |9 18561 
650 0 7 |a odborné vzdelávanie  |2 SNKPH  |9 4335 
650 0 7 |a stavebníctvo  |2 SNKPH  |9 726 
650 0 7 |a ochrana životného prostredia  |2 SNKPH  |9 3352 
655 7 |a učebné texty  |2 SNKPH  |9 70568 
700 1 |a Záriš, Juraj  |4 aut  |9 278587 
700 1 |a Šimoniová, Laura  |4 com  |9 278571 
852 |a Slovenská národná knižnica 
958 |a OND 
958 |a NB 
958 |a TL 
999 |c 878921  |d 880851 
952 |a SNK  |b SNK  |y PREZ  |7 0  |p 17A0776588  |o snkSB 36466/2  |0 0  |1 0  |4 0  |d 2012-03-27  |f 1  |l 0  |r 2025-04-15 00:00:00  |w 2026-02-24 
952 |t P60, <04>, [BOOK], {604}  |a SNK  |b SNK  |y VYP  |7 0  |p 17A0186476  |o snkSB 36466/2 D1  |0 0  |1 0  |4 0  |d 1999-03-23  |l 0  |r 2004-12-31 00:00:00  |w 2026-02-24